Najlepiej zarabiający sportowcy 2022 - FORBES - Statystyki

Ogólne statystyki
  • Ten quiz został rozwiązany 1 760 razy
  • Średni wynik to 5 z 10
Statystyki odpowiedzi
Lp. Sportowiec Sport Szacowane zarobki
(mln dolarów)
% Poprawnych
3. Cristiano Ronaldo piłka nożna 115,0
98%
1. Lionel Messi piłka nożna 133,0
98%
2. Lebron James koszykówka 121,2
83%
4. Neymar piłka nożna 95,0
82%
7. Roger Federer tenis 90,7
48%
5. Stephen Curry koszykówka 92,8
45%
6. Kevin Durant koszykówka 92,1
29%
9. Tom Brady futbol amerykańskie 83,9
10%
10. Giannis Antetokounmpo koszykówka 80,9
5%
8. Canelo Alvarez boks 90,0
4%
Nie znaleziono quizów pasujących do podanych kryteriów
Rozkład punktacji
Procent ludzi z każdym wynikiem
Percentyl według liczby udzielonych odpowiedzi
Twoja historia wyników
Nie rozwiązałeś tego quizu